[Event "Challenge"]
[Site "http://www.queenalice.com/game.php?id=1603508"]
[Date "2020.3.21"]
[Round "-"]
[White "Jerzy"]
[Black "LAIRE"]
[Result "1/2-1/2"]
[WhiteElo "2236"]
[BlackElo "2248"]

1. d4 e6 2. Nf3 d5 3. e3 Nf6 4. c4 Be7 5. Nc3 O-O 6. Bd3 dxc4 7. Bxc4 c5 8. O-O
Nc6 9. h3 cxd4 10. exd4 b6 11. a3 Bb7 12. Be3 Rc8 13. Qe2 Qc7 14. Ba2 Qb8 15. d5
exd5 16. Nxd5 Nxd5 17. Bxd5 Bf6 18. Bxc6 Bxc6 19. Nd4 Bb7 20. Rfd1 Qa8 21. f3
Rfe8 22. Qf2 Qb8 23. Nf5 1/2-1/2

[Event "Challenge"]
[Site "http://www.queenalice.com/game.php?id=1603509"]
[Date "2020.3.21"]
[Round "-"]
[White "LAIRE"]
[Black "Jerzy"]
[Result "1-0"]
[WhiteElo "2240"]
[BlackElo "2236"]

1. d4 d5 2. c4 e6 3. Nc3 Nf6 4. Bg5 Nbd7 5. e3 c6 6. Nf3 Qa5 7. Nd2 Bb4 8. Qc2
O-O 9. Be2 Re8 10. O-O Bxc3 11. bxc3 e5 12. cxd5 cxd5 13. dxe5 Rxe5 14. Bf4 Re6
15. Rab1 Ne5 16. Rfd1 Ng6 17. Bg5 Ne4 18. Nxe4 dxe4 19. Rd8+ Nf8 20. Rb5 Qc7 21.
Rbd5 b6 22. Rxf8+ Kxf8 23. Rd8+ Re8 24. Rxe8+ Kxe8 25. Qxe4+ Kf8 26. Qxa8 Qb7
27. Qxb7 Bxb7 28. f3 f6 29. Bf4 Ke7 30. Kf2 a6 31. e4 b5 32. h4 Bc6 33. Ke3 h6
34. Kd4 1-0

[Event "Challenge"]
[Site "http://www.queenalice.com/game.php?id=1607486"]
[Date "2020.4.14"]
[Round "-"]
[White "Jerzy"]
[Black "swabeyd"]
[Result "0-1"]
[WhiteElo "2224"]
[BlackElo "2243"]

1. d4 d5 2. Nf3 Nf6 3. e3 Nc6 4. c4 Be6 5. Nbd2 g6 6. g3 Bg7 7. cxd5 Nxd5 8. e4
Nb6 9. d5 Nxd5 10. exd5 Qxd5 11. Bg2 Qb5 12. Qe2 Qxe2+ 13. Kxe2 O-O-O 14. a3 f5
15. Rb1 Ba2 16. Ra1 Bf7 17. Rb1 e5 18. b3 e4 19. Ng5 Nd4+ 20. Kf1 Be8 21. a4 h6
22. Nh3 b5 23. Bb2 g5 24. Bxd4 Rxd4 25. Ke2 Bh5+ 26. f3 Re8 27. Nxe4 fxe4 28. g4
exf3+ 29. Kxf3 Bxg4+ 30. Kf2 Rf8+ 0-1

[Event "Challenge"]
[Site "http://www.queenalice.com/game.php?id=1607487"]
[Date "2020.4.14"]
[Round "-"]
[White "swabeyd"]
[Black "Jerzy"]
[Result "1-0"]
[WhiteElo "2254"]
[BlackElo "2213"]

1. d4 d5 2. Nf3 Nf6 3. g3 e6 4. Bg2 Bd6 5. O-O Nbd7 6. c4 c6 7. Nbd2 O-O 8. Re1
e5 9. dxe5 Nxe5 10. Nxe5 Bxe5 11. cxd5 cxd5 12. Nf3 Bc7 13. Be3 Re8 14. Qd3 Be6
15. Rac1 Bb6 16. Bxb6 Qxb6 17. b3 Rac8 18. Nd4 g6 19. Qd2 a6 20. Red1 Rxc1 21.
Rxc1 Rc8 22. e3 Qd6 23. Rxc8+ Bxc8 24. f3 Qc5 25. b4 Qc7 26. Kf2 Bd7 27. Ne2 Qe5
28. Qc3 Qxc3 29. Nxc3 Kf8 30. Ke2 Ke7 31. Kd3 Kd6 32. Kd4 Be6 33. b5 axb5 34.
Nxb5+ Kc6 35. a4 b6 36. Nc3 Ne8 37. f4 Nc7 38. g4 h6 39. g5 h5 40. Nb5 Na6 41.
Ke5 Nc5 42. Nd4+ Kd7 43. Kf6 Nxa4 44. f5 Bxf5 45. Nxf5 Ke8 46. Bxd5 1-0

[Event "jandamian"]
[Site "http://www.queenalice.com/game.php?id=1608721"]
[Date "2020.4.21"]
[Round "4"]
[White "jandamian"]
[Black "Jerzy"]
[Result "1-0"]
[WhiteElo "2780"]
[BlackElo "2158"]

1. e4 c5 2. Nf3 d6 3. d4 cxd4 4. Nxd4 Nf6 5. Nc3 a6 6. Bc4 e6 7. Bb3 Be7 8. Be3
O-O 9. f3 Bd7 10. O-O Nc6 11. a4 Nxd4 12. Qxd4 Qc7 13. Ne2 Bc6 14. c4 b5 15.
cxb5 axb5 16. Rfc1 Qb7 17. a5 Rfc8 18. Qb6 Bd8 19. Qxb7 Bxb7 20. Rxc8 Bxc8 21.
Bd2 Ba6 22. Nd4 Rc8 23. Nxe6 1-0

[Event "Challenge"]
[Site "http://www.queenalice.com/game.php?id=1611283"]
[Date "2020.5.8"]
[Round "-"]
[White "swabeyd"]
[Black "Jerzy"]
[Result "1-0"]
[WhiteElo "2271"]
[BlackElo "2202"]

1. d4 d5 2. Nf3 Nf6 3. e3 e6 4. b3 Bd6 5. Bb2 Nbd7 6. Bd3 O-O 7. O-O c6 8. Nbd2
Qe7 9. Ne5 Ba3 10. Bxa3 Qxa3 11. f4 Qe7 12. c3 Nxe5 13. fxe5 Nd7 14. Qh5 g6 15.
Qh6 f6 16. exf6 Nxf6 17. Qg5 Bd7 18. Nf3 Qg7 19. Ne5 Be8 20. c4 h6 21. Qg3 g5
22. cxd5 exd5 23. Rf2 Nd7 24. Rxf8+ Kxf8 25. Rf1+ Kg8 26. Nxd7 Bxd7 27. Qd6 h5
28. Rf6 Be8 29. Bg6 1-0

[Event "Challenge"]
[Site "http://www.queenalice.com/game.php?id=1611285"]
[Date "2020.5.8"]
[Round "-"]
[White "Jerzy"]
[Black "swabeyd"]
[Result "0-1"]
[WhiteElo "2192"]
[BlackElo "2285"]

1. d4 d5 2. Nf3 e6 3. e3 Nf6 4. Bd3 Be7 5. O-O O-O 6. Nbd2 b6 7. b3 Bb7 8. Bb2
Nbd7 9. Ne5 c5 10. Ndf3 Rc8 11. Rc1 Bd6 12. Qe2 Ne4 13. Nxd7 Qxd7 14. Ba6 c4 15.
Bxb7 Qxb7 16. bxc4 Rxc4 17. Nd2 Nxd2 18. Qxd2 b5 19. c3 a5 20. a3 Rfc8 21. Qe2
Qe7 22. Ra1 Qd8 23. g3 b4 24. axb4 axb4 25. Rfc1 bxc3 26. Ba3 c2 27. Bxd6 Qxd6
28. Qd2 Qb8 29. Qa5 h5 30. Qa7 Qb4 31. Qa5 Qe7 32. Qd2 Qb7 33. Qa5 Rb4 34. Qa2
Qc6 35. Qa3 Qb5 36. Kg2 Rb1 37. Qa2 Rxa1 38. Qxa1 Qd3 39. Qa2 Qe4+ 40. Kg1 h4
41. Qa6 Rb8 42. h3 hxg3 43. Qe2 Rb1 44. Qd2 Qf3 0-1

[Event "Challenge"]
[Site "http://www.queenalice.com/game.php?id=1614200"]
[Date "2020.5.28"]
[Round "-"]
[White "Jerzy"]
[Black "Maciej1980"]
[Result "0-1"]
[WhiteElo "2183"]
[BlackElo "2143"]

1. d4 Nf6 2. Nf3 g6 3. c4 Bg7 4. Nc3 O-O 5. g3 d5 6. cxd5 Nxd5 7. Bg2 Nxc3 8.
bxc3 c5 9. O-O Nc6 10. e3 Qa5 11. Bd2 Rd8 12. Qe1 c4 13. e4 e5 14. d5 Ne7 15.
Ng5 f6 16. Nh3 f5 17. f3 Bd7 18. Bg5 Re8 19. Bxe7 Rxe7 20. Qd2 Qc5+ 21. Nf2 b5
22. Rfb1 a5 23. a3 Rb8 24. Bf1 fxe4 25. fxe4 Rf7 26. Kg2 Rbf8 27. Nh3 Bxh3+ 28.
Kxh3 Rf2 29. Qg5 Qc8+ 0-1

[Event "Challenge"]
[Site "http://www.queenalice.com/game.php?id=1614201"]
[Date "2020.5.28"]
[Round "-"]
[White "Maciej1980"]
[Black "Jerzy"]
[Result "1-0"]
[WhiteElo "2186"]
[BlackElo "2170"]

1. e4 c5 2. Nc3 d6 3. f4 Nc6 4. Nf3 g6 5. Bc4 Bg7 6. O-O Nf6 7. d3 O-O 8. Qe1 e6
9. Qh4 d5 10. Bb3 Nd4 11. e5 Nxf3+ 12. Rxf3 Nd7 13. Qf2 f6 14. exf6 Bxf6 15. a4
Qa5 16. Ne2 Qd8 17. c3 Qe7 18. d4 cxd4 19. Nxd4 Nc5 20. Bc2 Bd7 21. b4 Na6 22.
Ba3 e5 23. b5 Nc5 24. Nb3 b6 25. Nxc5 bxc5 26. Bxc5 Qg7 27. Bxf8 Rxf8 28. fxe5
Bxe5 29. Rxf8+ Qxf8 30. Qxf8+ Kxf8 31. Rd1 Bxc3 32. Rxd5 Be6 33. Rd3 Ba5 34. Bb3
Bf5 35. Rf3 Kg7 36. h3 h5 37. Kf2 Kh6 38. Ke3 Kg5 39. Kd4 h4 40. Bd5 Bb6+ 41.
Kc4 Ba5 42. Kc5 Bc2 43. Bb3 Be4 44. Rf7 Bb6+ 45. Kb4 Bxg2 46. Be6 Be3 47. Ka5
Be4 48. Ka6 1-0

[Event "Challenge"]
[Site "http://www.queenalice.com/game.php?id=1636926"]
[Date "2020.12.18"]
[Round "-"]
[White "Jerzy"]
[Black "echo92"]
[Result "1/2-1/2"]
[WhiteElo "2169"]
[BlackElo "2150"]

1. d4 Nf6 2. Nf3 d5 3. e3 e6 4. c4 c6 5. Nc3 Be7 6. Bd3 dxc4 7. Bxc4 O-O 8. O-O
b5 9. Bb3 a6 10. h3 Bb7 11. a3 c5 12. Bc2 Nbd7 13. b3 Rc8 14. Bb2 Qb6 15. dxc5
Bxc5 16. Qe2 Rfd8 17. Rfd1 Be7 18. Rac1 Rc7 19. Nb1 Rdc8 20. Bd3 Nc5 21. Bd4 b4
22. a4 Qa5 23. Bxc5 Rxc5 24. Rxc5 Rxc5 25. Bc4 Nd5 26. Rc1 Bf6 27. Nfd2 Nc3 28.
Qd3 Rc8 29. Nxc3 bxc3 30. Nb1 Qg5 31. Qf1 Rd8 32. f4 Qc5 33. Qe1 Qc6 34. Qe2 e5
35. f5 Qe4 36. Nxc3 1/2-1/2

[Event "Challenge"]
[Site "http://www.queenalice.com/game.php?id=1636927"]
[Date "2020.12.18"]
[Round "-"]
[White "echo92"]
[Black "Jerzy"]
[Result "0-1"]
[WhiteElo "2162"]
[BlackElo "2157"]

1. d4 d5 2. c4 e6 3. Nc3 Nf6 4. cxd5 exd5 5. Bg5 Nbd7 6. e3 c6 7. Bd3 Bd6 8.
Nge2 O-O 9. O-O Re8 10. Qc2 h6 11. Bh4 Be7 12. f3 Nh5 13. Bxe7 Qxe7 14. e4 Nb6
15. Rae1 Be6 16. g4 dxe4 17. Nxe4 Nf6 18. Nf4 Nxe4 19. Bxe4 Qd6 20. Qc5 Qxf4 0-1

[Event "Challenge"]
[Site "http://www.queenalice.com/game.php?id=1648778"]
[Date "2021.4.4"]
[Round "-"]
[White "Jerzy"]
[Black "Sacapiece"]
[Result "1/2-1/2"]
[WhiteElo "2168"]
[BlackElo "2220"]

1. d4 Nf6 2. Nf3 e6 3. c4 c5 4. e3 cxd4 5. exd4 d5 6. Nc3 Bb4 7. Bd2 O-O 8. a3
Bxc3 9. Bxc3 Nc6 10. b4 dxc4 11. Bxc4 Nd5 12. Bb2 Nce7 13. O-O b6 14. Rc1 Bb7
15. Bxd5 Nxd5 16. Qd2 Qf6 17. Qg5 Rfc8 18. h3 Qxg5 19. Nxg5 1/2-1/2

[Event "Challenge"]
[Site "http://www.queenalice.com/game.php?id=1648779"]
[Date "2021.4.4"]
[Round "-"]
[White "Sacapiece"]
[Black "Jerzy"]
[Result "0-1"]
[WhiteElo "2218"]
[BlackElo "2170"]

1. e4 c5 2. Nf3 d6 3. d4 cxd4 4. Nxd4 Nf6 5. Nc3 a6 6. Bg5 e6 7. f4 Be7 8. Qf3
Qc7 9. O-O-O Nbd7 10. g4 b5 11. Bxf6 Bxf6 12. g5 Be7 13. a3 Rb8 14. Qh3 b4 15.
axb4 Rxb4 16. g6 Nf6 17. gxf7+ Kxf7 18. Rg1 g6 19. f5 exf5 20. exf5 Kg7 21. Qg3
Qb6 22. Qe3 Re8 23. fxg6 hxg6 24. Qd3 Ng4 25. b3 Bg5+ 26. Kb2 Be3 0-1

[Event "Challenge"]
[Site "http://www.queenalice.com/game.php?id=1760255"]
[Date "2021.5.22"]
[Round "-"]
[White "Jerzy"]
[Black "Scharlatan"]
[Result "1/2-1/2"]
[WhiteElo "2195"]
[BlackElo "2197"]

1. d4 Nf6 2. Nf3 g6 3. c4 Bg7 4. g3 O-O 5. Bg2 d6 6. Nc3 Nc6 7. O-O e5 8. h3 Re8
9. Be3 exd4 10. Bxd4 Nxd4 11. Nxd4 c6 12. e4 Qe7 13. Re1 1/2-1/2

[Event "Challenge"]
[Site "http://www.queenalice.com/game.php?id=1760443"]
[Date "2021.5.25"]
[Round "-"]
[White "Scharlatan"]
[Black "Jerzy"]
[Result "1/2-1/2"]
[WhiteElo "2215"]
[BlackElo "2207"]

1. e4 c5 2. Nf3 d6 3. d4 cxd4 4. Nxd4 Nf6 5. Nc3 a6 6. h3 e6 7. g4 Be7 8. g5
Nfd7 9. h4 Nc6 10. Bg2 Nxd4 11. Qxd4 e5 12. Qd3 Nc5 13. Qe2 Be6 14. Be3 Rc8 15.
f3 Qa5 16. Kf2 Na4 17. Nxa4 Qxa4 18. b3 Qc6 19. c4 Bd8 20. Rhd1 Bb6 21. Bxb6
Qxb6+ 1/2-1/2

[Event "Challenge"]
[Site "http://www.queenalice.com/game.php?id=1763561"]
[Date "2021.7.3"]
[Round "-"]
[White "Jerzy"]
[Black "Buuuu"]
[Result "1/2-1/2"]
[WhiteElo "2207"]
[BlackElo "2170"]

1. d4 Nf6 2. Nf3 c5 3. e3 cxd4 4. exd4 d5 5. h3 Qc7 6. Bd3 Nc6 7. c3 g6 8. O-O
Bf5 9. Bxf5 gxf5 10. Re1 O-O-O 11. Bg5 Ne4 12. Nbd2 h6 13. Bh4 Re8 14. Nxe4 fxe4
15. Nd2 f5 16. Bg3 Qd7 17. b4 e6 18. Qa4 b6 19. Qa6+ Qb7 20. Qxb7+ Kxb7 21. Nb3
h5 22. b5 Na5 23. Nxa5+ bxa5 24. Be5 Rg8 25. a4 Rc8 26. Kf1 Rxc3 27. Rec1 Bb4
28. Rxc3 Bxc3 29. Rc1 Rc8 30. Ke2 Bb4 31. Rxc8 Kxc8 32. f3 Kb7 33. g4 hxg4 34.
hxg4 Be7 35. Ke3 a6 36. bxa6+ Kxa6 37. gxf5 exf5 38. fxe4 Bg5+ 39. Ke2 dxe4 40.
Bc7 f4 41. d5 f3+ 42. Kf2 Bh4+ 43. Ke3 Be1 44. Be5 Kb6 45. Bd4+ Kc7 46. Be5+ Kd7
47. Bb8 Bb4 48. Ba7 Be1 49. Bc5 Bg3 50. Ba7 Bh4 51. Bb6 Bd8 52. Bc5 Be7 53. Bb6
Bd8 54. Bc5 Be7 55. Bb6 Bd8 56. Bc5 1/2-1/2

[Event "Challenge"]
[Site "http://www.queenalice.com/game.php?id=1763562"]
[Date "2021.7.3"]
[Round "-"]
[White "Buuuu"]
[Black "Jerzy"]
[Result "0-1"]
[WhiteElo "2182"]
[BlackElo "2195"]

1. e4 c5 2. Nf3 d6 3. d4 cxd4 4. Nxd4 Nf6 5. Nc3 a6 6. Bc4 e6 7. Bb3 Be7 8. g4
h6 9. Be3 Nh7 10. Qd2 Bg5 11. Bxg5 Qxg5 12. h4 Qxd2+ 13. Kxd2 Nc6 14. Nce2 Na5
15. f4 e5 16. Nf5 Nxb3+ 17. axb3 Bxf5 18. gxf5 Nf6 19. Kd3 Ke7 20. Rhg1 Nh5 21.
Ke3 Rhg8 22. Ra5 exf4+ 23. Nxf4 Nxf4 24. Kxf4 Rac8 25. c4 g6 26. fxg6 fxg6 27.
e5 Rc5 28. Rxc5 dxc5 29. Ke4 b5 30. Kd5 bxc4 31. bxc4 g5 32. Kxc5 g4 33. h5 Ke6
34. Kd4 g3 35. b4 Rg5 36. Rg2 Rg4+ 37. Kc5 Kxe5 38. b5 axb5 39. cxb5 Kf4 40. b6
Kf3 41. Rg1 g2 42. b7 Rg8 43. Kc6 Kf2 44. Rb1 g1=Q 45. Rxg1 Kxg1 0-1

[Event "Challenge"]
[Site "http://www.queenalice.com/game.php?id=1769073"]
[Date "2021.9.8"]
[Round "-"]
[White "Jerzy"]
[Black "Buuuu"]
[Result "1-0"]
[WhiteElo "2206"]
[BlackElo "2203"]

1. d4 Nf6 2. Nf3 c5 3. e3 cxd4 4. exd4 d5 5. c4 Nc6 6. Nc3 Be6 7. c5 g6 8. Bb5
Bg7 9. Bxc6+ bxc6 10. Ne5 Bd7 11. O-O O-O 12. Be3 Ne8 13. Qd2 f6 14. Nxd7 Qxd7
15. Bh6 e5 16. dxe5 fxe5 17. Bxg7 Nxg7 18. f4 e4 19. Nxe4 Ne6 20. Rac1 Qe7 21.
Ng3 Nxc5 22. Qc3 Ne4 23. Qxc6 Rad8 24. Rce1 Rf6 25. Qc2 Qc5+ 26. Qxc5 Nxc5 27.
Rd1 h5 28. Ne2 Ne6 29. g3 Ng7 30. Nd4 Kf7 31. Rfe1 Ne6 32. Nxe6 Rxe6 33. Rxe6
Kxe6 34. Kf2 d4 35. Ke2 Kf5 36. Kf3 Rd7 37. h3 Rd6 38. Rd2 Rd7 39. g4+ hxg4+ 40.
hxg4+ Kf6 41. Ke4 1-0

[Event "Challenge"]
[Site "http://www.queenalice.com/game.php?id=1769074"]
[Date "2021.9.8"]
[Round "-"]
[White "Buuuu"]
[Black "Jerzy"]
[Result "1-0"]
[WhiteElo "2190"]
[BlackElo "2218"]

1. e4 c5 2. Nf3 d6 3. d4 cxd4 4. Nxd4 Nf6 5. Nc3 a6 6. Bc4 e6 7. Bb3 Be7 8. g4
Nc6 9. g5 Nxd4 10. Qxd4 e5 11. Qd3 Nd7 12. Nd5 Nc5 13. Qe2 Nxb3 14. axb3 Be6 15.
Rg1 Bxd5 16. exd5 O-O 17. Be3 Qd7 18. Ra4 Qf5 19. Kd2 Rfc8 20. c3 b5 21. Qg4
Qxg4 22. Raxg4 a5 23. h4 Ra6 24. h5 g6 25. Rh1 Kg7 26. hxg6 fxg6 27. Rgh4 Rh8
28. f4 Raa8 29. fxe5 dxe5 30. c4 bxc4 31. bxc4 Rac8 32. Kd3 Bc5 33. Bxc5 Rxc5
34. Re4 Re8 35. Rhe1 h6 36. Rxe5 Rxe5 37. Rxe5 hxg5 38. Rxg5 Kf6 39. Rg1 g5 40.
Kd4 Rc8 41. c5 Rb8 42. c6 Rxb2 43. Rc1 Rb8 44. Kc5 Ke7 45. d6+ 1-0

[Event "Challenge"]
[Site "http://www.queenalice.com/game.php?id=1772736"]
[Date "2021.10.20"]
[Round "-"]
[White "Jerzy"]
[Black "bonow"]
[Result "1-0"]
[WhiteElo "2205"]
[BlackElo "2277"]

1. d4 d5 2. Nf3 Nf6 3. c4 c6 4. e3 e6 5. Nc3 Bb4 6. Bd2 Nbd7 7. Bd3 O-O 8. O-O
Nb6 9. c5 Bxc3 10. Bxc3 Nbd7 11. Qc2 b6 12. b4 bxc5 13. bxc5 a5 14. Ne5 Nxe5 15.
dxe5 Ne4 16. Bxe4 dxe4 17. Qxe4 Qd5 18. Qxd5 exd5 19. Rfb1 Re8 20. Rb6 Ra6 21.
Rab1 Kf8 22. a4 h6 23. Rxa6 Bxa6 24. Rb6 Bc4 25. Rxc6 Rb8 26. Rb6 Rxb6 27. cxb6
Ba6 28. Bxa5 Ke7 29. Bb4+ Ke6 30. Bf8 h5 31. Bxg7 Kd7 32. f3 Kc6 33. e6 fxe6 34.
Bd4 Kb7 35. f4 Kc8 36. Kf2 Kd7 37. Kf3 Ke7 38. g4 hxg4+ 39. Kxg4 Kf7 40. f5
exf5+ 41. Kxf5 1-0

[Event "Challenge"]
[Site "http://www.queenalice.com/game.php?id=1772737"]
[Date "2021.10.20"]
[Round "-"]
[White "bonow"]
[Black "Jerzy"]
[Result "0-1"]
[WhiteElo "2273"]
[BlackElo "2219"]

1. e4 c5 2. Nf3 d6 3. d4 cxd4 4. Nxd4 Nf6 5. Nc3 a6 6. Be2 e5 7. Nf3 Be7 8. O-O
Nbd7 9. Be3 Ng4 10. h3 Nxe3 11. fxe3 Nf6 12. Bc4 O-O 13. Qd3 h6 14. a4 Be6 15.
Bxe6 fxe6 16. Ne2 Qc7 17. c4 Rac8 18. Rad1 Qxc4 19. Nc3 Qxd3 20. Rxd3 Rc6 21.
Nd2 Rfc8 22. Rc1 d5 23. exd5 exd5 24. Rd1 Ba3 25. Nxd5 Nxd5 26. Rxd5 Bxb2 27.
Kh2 Rc1 28. Rxc1 Bxc1 29. Nf1 Bb2 30. Ng3 Rc7 31. Nf5 Kh7 32. g4 e4 33. Ng3 Bc1
34. Nxe4 Bxe3 35. Kg3 Rf7 36. Kh4 Rf4 37. Ng3 Rf3 38. Rd7 Bg5+ 39. Kh5 Rxg3 0-1